Normal view
MARC view
- Ardra S
Entry Personal Name
001 - CONTROL NUMBER
- control field: 4982
003 - CONTROL NUMBER IDENTIFIER
- control field: OSt
005 - DATE AND TIME OF LATEST TRANSACTION
- control field: 20210906161315.0
008 - FIXED-LENGTH DATA ELEMENTS
- fixed length control field: 210906|| aca||aabn | a|a d
040 ## - CATALOGING SOURCE
- Original cataloging agency: OSt
- Transcribing agency: OSt
100 ## - HEADING--PERSONAL NAME
- Personal name: Ardra S
670 ## - SOURCE DATA FOUND
- Source citation: Work cat.: (OSt): Akshatha Varma 4981, Study on Drying Kinetics of Moringa leaves using cabinet, fluidized bed and infrared dryer, 2021
